Marketing y publicidad en Internet

Bibliographic Details
Main Author: Mart ̕Parreǫ, Još
Format: eBook
Language:Spanish
Published: Bogot:̀ Ediciones de la U, 2011
Subjects:
Online Access:Acceso restringido

MARC

LEADER 00000nam a22000007a 4500
005 20210617215547.0
007 cr|||| ||||
008 210617s2011 co |||||s|||| 00||0 spa d
020 |a 978-958-8675-48-0 
035 |a 33462 
040 |a vLex 
090 |c 11805  |d 11805 
100 1 |a Mart ̕Parreǫ, Još 
245 1 0 |a Marketing y publicidad en Internet  |h [Recurso electrn̤ico] /  |c Jos ̌Mart ̕Parreǫ 
256 |a Servicio en ln̕ea 
260 |a Bogot:̀  |b Ediciones de la U,  |c 2011 
300 |a 1 recurso electrn̤ico 
500 |a Internet se ha ido consolidando en los l︢timos aǫs como un medio imprescindible tanto en los planes de marketing como en las acciones de comunicacin̤ y publicidad de cada vez ms̀ empresas y organizaciones. En pocos aǫs no estar en Internet ser ̀sinn̤imo de no ser visible a los ojos de los consumidores, unos consumidores que buscan en Internet informacin̤ sobre productos y servicios; que comparan precios; que los adquieren a travš de plataformas de comercio electrn̤ico; que hablan entre ellos acerca de las empresas y sus productos… Esta gua̕ bs̀ica pretende ayudar a cualquier tipo de empresa u organizacin̤ a estar en Internet: mediante el desarrollo de una campaą de banners o un contenido de marca branded content; con el uso de herramientas de posicionamiento en buscadores o estrategias de comunicacin̤ como el marketing viral y el blogvertising; con el conocimiento de aspectos bs̀icos a la hora de desarrollar un sitio Web comercial y cuestiones importantes a la hora de planificar una plataforma de comercio electrn̤ico, adems̀ se analizan tendencias en marketing y comunicacin̤ como el plinking, el desarrollo de videojuegos orientados a la comunicacin̤ comercial advergames y el product placement inverso, entre otras. 
506 1 |a Disponible solo en los productos indicados  |d vLex Global  |d vLex Global (Academic Edition, excluding Law Schools)  |d vLex Global (U.S. Academic Edition, Law Schools)  |d vLex Global (U.S. Academic Edition, excluding Law Schools)  |d vLex Global (Academic Edition, Law Schools) 
650 0 4 |a Marketing  |z Colombia 
740 0 |a vLex Libros (Servicio en ln̕ea) 
856 4 0 |u https://vlex.com/source/marketing-y-publicidad-en-internet-33462  |z Acceso restringido 
942 |c BOOK 
999 0 |a Marketing